[Event "TCh-RUS Women 2025"]
[Site "Sochi RUS"]
[Date "2025.04.26"]
[Round "1.1"]
[White "Pogonina, Natalija"]
[Black "Tarasenka, Aliaksandra"]
[Result "1/2-1/2"]
[WhiteTitle "WGM"]
[BlackTitle "WFM"]
[WhiteElo "2371"]
[BlackElo "2138"]
[WhiteTeam "Sima Lend (Sverdlovskaya oblast)"]
[BlackTeam "Respublika Belarus (Respublika Belarus"]
[WhiteFideId "4147855"]
[BlackFideId "13514288"]
[EventDate "2025.04.26"]

1. d4 Nf6 2. c4 e6 3. Nf3 Bb4+ 4. Bd2 Qe7 5. Nc3 b6 6. e3 Bxc3 7. Bxc3 Ne4 8.
Qc2 Bb7 9. Be2 O-O 10. O-O d6 11. Rfd1 Nd7 12. Be1 f5 13. d5 e5 14. b4 c6 15. a4
cxd5 16. a5 Rac8 17. Qb3 dxc4 18. Bxc4+ Kh8 19. Bd5 Bxd5 20. Qxd5 Ndf6 21. Qb5
bxa5 22. Rxa5 Rc7 23. Qa4 g6 24. h3 Rb8 25. Ra6 Rb6 26. Rxb6 axb6 27. Qb5 Nd7
28. Ra1 Qe6 29. Qa6 Qc4 30. Qa8+ Rc8 31. Qa4 Qc6 32. Qa2 Ndf6 33. Nd2 Nxd2 34.
Bxd2 Qd5 35. Qa6 Rc2 36. Be1 Qc6 37. Qa7 Rc1 38. Rxc1 Qxc1 39. Kf1 Qc4+ 40. Kg1
Qc1 41. Kf1 Qc4+ 42. Kg1 Qc1 1/2-1/2

[Event "TCh-RUS Women 2025"]
[Site "Sochi RUS"]
[Date "2025.04.26"]
[Round "1.2"]
[White "Poliakova, Varvara"]
[Black "Goltseva, Ekaterina"]
[Result "1/2-1/2"]
[WhiteTitle "WFM"]
[BlackTitle "FM"]
[WhiteElo "2052"]
[BlackElo "2384"]
[WhiteTeam "Respublika Belarus (Respublika Belarus"]
[BlackTeam "Sima Lend (Sverdlovskaya oblast)"]
[WhiteFideId "13518313"]
[BlackFideId "24173770"]
[EventDate "2025.04.26"]

1. d4 d5 2. Nf3 e6 3. c4 Nf6 4. cxd5 exd5 5. Nc3 c6 6. Bg5 h6 7. Bh4 Bf5 8. e3
Be7 9. Bd3 Bxd3 10. Qxd3 Nbd7 11. O-O O-O 12. Rab1 a5 13. Qc2 Nh5 14. Bxe7 Qxe7
15. Ne1 Nhf6 16. Nd3 Ne4 17. Nxe4 Qxe4 18. Rfc1 Rfc8 19. b3 Qe7 20. Qd1 Qd6 21.
Rb2 Ra7 22. Rbc2 Rca8 23. Nc5 Re8 24. Nxd7 Qxd7 25. Rc5 Qd8 26. Qd2 Qb6 27. Qb2
Qa6 28. Qc3 Qb6 29. g3 Rea8 30. a3 Qd8 31. Kg2 Qe7 32. Qd3 Ra6 33. R1c2 Rb6 34.
Rb2 Qe8 35. Qc2 Qb8 36. h3 Qa7 37. Qf5 Qa6 38. Rc3 Rb5 39. Qd3 Qb6 40. Qc2 g6
41. Qd3 Ra6 42. Re2 Qd8 43. a4 Rb4 44. Rc5 Rab6 45. Rc3 Qf6 46. Re1 Qf5 47. Qxf5
gxf5 48. Rc5 Rxb3 49. Rxa5 Ra3 50. Kf3 Rb4 51. Kf4 Raxa4 52. Rxa4 Rxa4 53. Kxf5
Kg7 54. Rb1 b5 55. Ke5 Rc4 56. Rb3 Kg6 57. f3 b4 58. g4 Rc3 59. Rxb4 Rxe3+ 60.
Kd6 Rxf3 61. Kxc6 Rxh3 62. Kxd5 Rg3 63. Rb8 Rxg4 64. Rg8+ Kf5 65. Rxg4 Kxg4 66.
Ke5 f5 67. d5 f4 68. d6 f3 69. d7 f2 70. d8=Q f1=Q 71. Qd7+ Kh4 72. Qe7+ Kh5 73.
Qe8+ Kg5 74. Qe7+ Kg4 75. Qe6+ Kh5 76. Qe8+ Kh4 77. Qe7+ Kh5 1/2-1/2

[Event "TCh-RUS Women 2025"]
[Site "Sochi RUS"]
[Date "2025.04.26"]
[Round "1.3"]
[White "Korneva, Marina"]
[Black "Zeliantsova, Kseniya"]
[Result "1/2-1/2"]
[WhiteTitle "IM"]
[BlackTitle "WFM"]
[WhiteElo "2325"]
[BlackElo "2044"]
[WhiteTeam "Sima Lend (Sverdlovskaya oblast)"]
[BlackTeam "Respublika Belarus (Respublika Belarus"]
[WhiteFideId "4149351"]
[BlackFideId "13512617"]
[EventDate "2025.04.26"]

1. e4 d6 2. d4 Nf6 3. Nc3 g6 4. Nf3 Bg7 5. Be3 O-O 6. Qd2 c6 7. Bh6 Qa5 8. Bxg7
Kxg7 9. Be2 e5 10. O-O Bg4 11. Rad1 Nbd7 12. h3 Bxf3 13. Bxf3 Rad8 14. Rfe1 Rfe8
15. Re3 exd4 16. Qxd4 Ne5 17. Be2 c5 18. Qd2 Nc6 19. Bb5 a6 20. Bxc6 bxc6 21.
Rd3 Re6 22. e5 Rxe5 23. Rxd6 Rxd6 24. Qxd6 Re6 25. Qd3 Qb4 26. b3 Re5 27. g3 Nd5
28. Nxd5 Rxd5 29. Qe2 Rxd1+ 30. Qxd1 Qc3 31. Qe2 a5 32. Kg2 h5 33. Qe4 Kh7 34.
Qf3 Qxc2 35. Qxf7+ Kh6 36. a4 Qe4+ 37. Qf3 Qd5 38. Qxd5 cxd5 39. Kf3 Kg5 40. Ke3
Kf5 41. f4 g5 42. fxg5 Kxg5 43. Kf3 Kf5 44. Ke3 Ke5 45. Kd3 d4 46. Kd2 Ke4 47.
Ke2 Ke5 48. Kd3 Kd5 49. Kd2 Ke5 50. Kd3 1/2-1/2

[Event "TCh-RUS Women 2025"]
[Site "Sochi RUS"]
[Date "2025.04.26"]
[Round "1.4"]
[White "Norman, Kseniya"]
[Black "Dubnikova, Anastasia"]
[Result "1-0"]
[WhiteTitle "WFM"]
[BlackTitle "WFM"]
[WhiteElo "2012"]
[BlackElo "2105"]
[WhiteTeam "Respublika Belarus (Respublika Belarus"]
[BlackTeam "Sima Lend (Sverdlovskaya oblast)"]
[WhiteFideId "13518780"]
[BlackFideId "44153759"]
[EventDate "2025.04.26"]

1. Nf3 c5 2. c4 Nc6 3. e3 e6 4. b3 Nf6 5. Bb2 d5 6. cxd5 exd5 7. Bb5 Bd6 8. d4
O-O 9. dxc5 Bxc5 10. O-O Bg4 11. Bxc6 bxc6 12. Qc2 Bxf3 13. gxf3 Bb6 14. Nd2 d4
15. Nc4 Qd5 16. Nxb6 axb6 17. Bxd4 Qxf3 18. Qd1 Qf5 19. Bxb6 Nd5 20. Bd4 c5 21.
Bb2 Qe4 22. Qe2 Nf4 23. Qg4 Nh3+ 24. Qxh3 Ra6 25. f3 Qxe3+ 26. Kh1 Rg6 27. Qh4
h6 28. Rae1 Qd2 29. Qf2 Qa5 30. a4 Rb8 31. Qc2 c4 32. bxc4 Rd8 33. Qc3 Qf5 34.
Rg1 1-0

[Event "TCh-RUS Women 2025"]
[Site "Sochi RUS"]
[Date "2025.04.26"]
[Round "1.1"]
[White "Potapova, Margarita"]
[Black "Bivol, Alina"]
[Result "1/2-1/2"]
[WhiteTitle "WIM"]
[BlackTitle "IM"]
[WhiteElo "2226"]
[BlackElo "2358"]
[WhiteTeam "Krasnodarskiy kray (Sbornaya) (Krasnodars"]
[BlackTeam "Shakhmatnaya sbornaya Moskvy (Moskva)"]
[WhiteFideId "14126869"]
[BlackFideId "4100123"]
[EventDate "2025.04.26"]

1. d4 Nf6 2. c4 b6 3. Nc3 Bb7 4. d5 e6 5. a3 exd5 6. cxd5 Bd6 7. Nf3 Qe7 8. e3
O-O 9. Bc4 Ne4 10. O-O Nxc3 11. bxc3 Na6 12. Re1 f5 13. a4 Nc5 14. a5 a6 15. Rb1
b5 16. Ba2 Ne4 17. Qd3 g5 18. g3 Nc5 19. Qd4 g4 20. Nh4 Qe4 21. c4 Nd3 22. Rd1
Nxc1 23. Rdxc1 Qxd4 24. exd4 Ba3 25. Re1 Rae8 26. Re3 Rxe3 27. fxe3 d6 28. Kf2
b4 29. Ke2 Bc8 30. c5 dxc5 31. dxc5 b3 32. Bxb3 Bxc5 33. d6+ Kg7 34. dxc7 Re8
35. Bc2 Rxe3+ 36. Kd2 Re7 37. Nxf5+ Bxf5 38. Bxf5 Rxc7 39. Bxg4 Bd4 40. Rb3 Rc5
41. Rb7+ Kh8 42. Kd3 Bg1 43. Rb8+ Kg7 44. Rb7+ Kh8 45. Rb8+ 1/2-1/2

[Event "TCh-RUS Women 2025"]
[Site "Sochi RUS"]
[Date "2025.04.26"]
[Round "1.2"]
[White "Voit, Daria"]
[Black "Serditykh, Olesya"]
[Result "1-0"]
[WhiteTitle "WGM"]
[WhiteElo "2345"]
[BlackElo "2016"]
[WhiteTeam "Shakhmatnaya sbornaya Moskvy (Moskva)"]
[BlackTeam "Krasnodarskiy kray (Sbornaya) (Krasnodars"]
[WhiteFideId "4182146"]
[BlackFideId "44153805"]
[EventDate "2025.04.26"]

1. d4 d5 2. c4 e6 3. Nc3 c6 4. e3 Nf6 5. Nf3 Nbd7 6. Qc2 Bd6 7. Bd3 dxc4 8. Bxc4
O-O 9. O-O e5 10. h3 exd4 11. exd4 h6 12. Bxh6 Kh8 13. Bg5 Qc7 14. Rfe1 Nh7 15.
Be7 Bxe7 16. Rxe7 Qf4 17. Qe4 Qf6 18. Re1 Nb6 19. Bb3 Be6 20. Rxb7 Bxb3 21. axb3
Kg8 22. Ne5 Ng5 23. Qxc6 Ne6 24. Ne4 Qf4 25. Rxf7 Rxf7 26. Qxe6 Rf8 27. Nxf7
Rxf7 28. Nd6 Qxf2+ 29. Kh1 1-0

[Event "TCh-RUS Women 2025"]
[Site "Sochi RUS"]
[Date "2025.04.26"]
[Round "1.3"]
[White "Achmiz, Diana"]
[Black "Charochkina, Daria"]
[Result "1-0"]
[BlackTitle "IM"]
[WhiteElo "1905"]
[BlackElo "2314"]
[WhiteTeam "Krasnodarskiy kray (Sbornaya) (Krasnodars"]
[BlackTeam "Shakhmatnaya sbornaya Moskvy (Moskva)"]
[WhiteFideId "55617883"]
[BlackFideId "4180917"]
[EventDate "2025.04.26"]

1. c4 e5 2. Nc3 Nf6 3. g3 d5 4. cxd5 Nxd5 5. Bg2 Nb6 6. d3 Be7 7. Nf3 Nc6 8. O-O
O-O 9. Be3 Re8 10. Rc1 Bf8 11. a3 a6 12. Ne4 h6 13. Nc5 Nd5 14. Bd2 b6 15. Nxa6
Bb7 16. e4 Rxa6 17. exd5 Qxd5 18. Nxe5 Nxe5 19. Bxd5 Bxd5 20. f3 Bc5+ 21. Kg2
Nxd3 22. Bb4 Nxc1 23. Qxd5 Bxb4 24. axb4 Na2 25. Qc6 Raa8 26. Re1 Red8 27. Qc4
b5 28. Qb3 Rd4 29. Re7 Rc4 30. Re4 Rxe4 31. fxe4 Nc1 32. Qc2 Na2 33. Qc6 Rd8 34.
Qxb5 Rd2+ 35. Kh3 Rxb2 36. Qe8+ Kh7 37. Qxf7 Nxb4 38. e5 Re2 39. Qc4 Rxe5 40.
Qxb4 h5 41. Qc3 Rf5 42. Qc2 g6 43. Qxc7+ Kh6 44. Qe7 Rb5 45. Qf8+ Kh7 46. Qf7+
Kh6 47. Qg8 Rb7 48. Qh8+ Kg5 49. Kg2 Rf7 50. h4+ Kf5 51. Kf3 Ke6+ 52. Ke4 Ke7
53. Qg8 Kf6 54. Kf4 Rb7 55. Qf8+ Rf7 56. Qh8+ 1-0

[Event "TCh-RUS Women 2025"]
[Site "Sochi RUS"]
[Date "2025.04.26"]
[Round "1.4"]
[White "Borisova, Ekaterina A."]
[Black "Gubernatorova, Lyudmila"]
[Result "1/2-1/2"]
[WhiteElo "1830"]
[BlackElo "2124"]
[WhiteTeam "Shakhmatnaya sbornaya Moskvy (Moskva)"]
[BlackTeam "Krasnodarskiy kray (Sbornaya) (Krasnodars"]
[WhiteFideId "24173347"]
[BlackFideId "4123840"]
[EventDate "2025.04.26"]

1. d4 Nf6 2. c4 c5 3. d5 g6 4. Nc3 Bg7 5. e4 d6 6. h3 O-O 7. Nf3 Na6 8. Bd3 Nc7
9. O-O e6 10. Re1 e5 11. g4 a6 12. a4 Rb8 13. a5 Nd7 14. Ne2 b6 15. Ng3 bxa5 16.
Kh1 Kh8 17. Rg1 Rb4 18. Qc2 Ne8 19. Bd2 Qb6 20. b3 Bf6 21. Ra3 Bd8 22. Bh6 Rg8
23. Ng5 Bxg5 24. Bxg5 a4 25. bxa4 Rb2 26. Qc3 Qb4 27. Be3 a5 28. Ne2 Nb6 29.
Qxb4 axb4 30. Raa1 Ba6 31. Rgc1 Nc7 32. a5 Nd7 33. Ng1 Rb8 34. Nf3 Kg7 35. Kg2
b3 36. Rab1 Ra2 37. Bd2 Bc8 38. Bc3 Na6 39. Nd2 b2 40. Rc2 Nb4 41. Bxb4 Rxb4 42.
Nf1 Nb8 43. Ne3 Na6 44. Nd1 Rxa5 45. Rcxb2 Rxb2 46. Rxb2 Nb4 47. Be2 Ra2 48. g5
h6 49. h4 hxg5 50. hxg5 f6 51. gxf6+ Kxf6 52. Rxa2 Nxa2 53. Kg3 Kg5 54. Bf1 1/2-1/2

[Event "TCh-RUS Women 2025"]
[Site "Sochi RUS"]
[Date "2025.04.26"]
[Round "1.1"]
[White "Karmanova, Olga Dm."]
[Black "Zhurova, Anna"]
[Result "1-0"]
[WhiteTitle "WIM"]
[BlackTitle "WFM"]
[WhiteElo "2317"]
[BlackElo "2322"]
[WhiteTeam "SShOR po shakhmatam i shashkam - 1 (Sankt-P"]
[BlackTeam "Voronezh (Voronezhskaya oblast)"]
[WhiteFideId "24215333"]
[BlackFideId "54113075"]
[EventDate "2025.04.26"]

1. d4 d5 2. c4 e6 3. Nf3 Nf6 4. g3 dxc4 5. Bg2 a6 6. O-O Nc6 7. Qd2 Bd7 8. Ne5
Nxe5 9. dxe5 Nd5 10. Nc3 Bc6 11. Qd4 b5 12. Rd1 Qc8 13. a4 Qb7 14. axb5 axb5 15.
Rxa8+ Qxa8 16. Bxd5 exd5 17. e4 Bb4 18. exd5 Bd7 19. e6 fxe6 20. Qxg7 Bxc3 21.
bxc3 Rf8 22. Bh6 1-0

[Event "TCh-RUS Women 2025"]
[Site "Sochi RUS"]
[Date "2025.04.26"]
[Round "1.2"]
[White "Vlasova, Olesia"]
[Black "Yakimova, Mariya"]
[Result "1/2-1/2"]
[WhiteTitle "WFM"]
[BlackTitle "WFM"]
[WhiteElo "2049"]
[BlackElo "2266"]
[WhiteTeam "Voronezh (Voronezhskaya oblast)"]
[BlackTeam "SShOR po shakhmatam i shashkam - 1 (Sankt-P"]
[WhiteFideId "54113067"]
[BlackFideId "34188859"]
[EventDate "2025.04.26"]

1. d4 d5 2. c4 e6 3. Nf3 Nf6 4. g3 Nbd7 5. Bg2 dxc4 6. Qa4 a6 7. Qxc4 b5 8. Qd3
Bb7 9. O-O c5 10. dxc5 Bxc5 11. Be3 O-O 12. a4 Qb6 13. a5 Qa7 14. Bxc5 Nxc5 15.
Qa3 Rac8 16. Nc3 Qb8 17. Qb4 Rc7 18. Rad1 Rfc8 19. Rd4 h6 20. Rfd1 Nd5 21. Nxd5
exd5 22. Nd2 Ne6 23. Rd3 d4 24. Bh3 Re8 25. Bxe6 Rxe6 26. Qxd4 Rxe2 27. Qd8+
Qxd8 28. Rxd8+ Kh7 29. Kf1 Re5 30. b4 Rc2 31. Rd7 Bc8 32. Rd4 Bh3+ 33. Kg1 Rb2
34. Ne4 Re2 35. f3 f5 36. Nc3 Rg2+ 37. Kh1 Rc2 38. R4d3 Rb2 39. Kg1 Re6 40. R3d2
Rxd2 41. Rxd2 Re3 42. Nd1 Rxf3 43. Nf2 Bg4 44. Nxg4 fxg4 45. Rd6 Rf6 46. Rd7 Kg6
47. Kg2 Rc6 48. Rb7 Kf6 49. Rb6 Re6 50. Kf2 g6 51. Rb8 h5 52. Rf8+ Ke7 53. Ra8
Kf7 54. Ra7+ Kf6 55. Rd7 Kf5 56. Rd4 Re4 57. Rd5+ Ke6 58. Rg5 Kf6 59. Rc5 Rxb4
60. Rc6+ Kf5 61. Rxa6 Ra4 62. Ra8 Ra2+ 63. Kg1 Ra1+ 64. Kg2 Ra2+ 65. Kg1 Ra1+
66. Kg2 Kg5 67. a6 h4 68. gxh4+ Kxh4 69. a7 Ra2+ 70. Kg1 Kg5 71. Rb8 Rxa7 72.
Rxb5+ Kh4 73. Rb6 Kh3 74. Rb3+ Kh4 75. Rb6 1/2-1/2

[Event "TCh-RUS Women 2025"]
[Site "Sochi RUS"]
[Date "2025.04.26"]
[Round "1.3"]
[White "Getman, Tatyana"]
[Black "Lesnykh, Zhanna"]
[Result "1/2-1/2"]
[WhiteTitle "WFM"]
[BlackTitle "WCM"]
[WhiteElo "2156"]
[BlackElo "2097"]
[WhiteTeam "SShOR po shakhmatam i shashkam - 1 (Sankt-P"]
[BlackTeam "Voronezh (Voronezhskaya oblast)"]
[WhiteFideId "34166146"]
[BlackFideId "44146957"]
[EventDate "2025.04.26"]

1. d4 Nf6 2. c4 e6 3. Nc3 Bb4 4. e3 O-O 5. Bd3 Re8 6. Ne2 d5 7. O-O Nbd7 8. cxd5
exd5 9. Qb3 Bd6 10. Nxd5 Nxd5 11. Qxd5 Nc5 12. Bxh7+ Kxh7 13. Qh5+ Kg8 14. dxc5
Re5 15. Qf3 Rf5 16. Nf4 Rxc5 17. e4 Qh4 18. g3 Qf6 19. Be3 Rb5 20. Rad1 g5 21.
Bd4 Be5 22. Bxe5 Rxe5 23. Qg2 Rc5 24. Nh5 Qe7 25. Qf3 Be6 26. Nf6+ Kg7 27. Nd5
Bxd5 28. Rxd5 Rxd5 29. exd5 Qe5 30. Rc1 Rd8 31. b3 Kg6 32. Kg2 f5 33. h3 Rd7 34.
Rc5 Rh7 35. b4 Qe4 36. Qxe4 fxe4 37. f3 exf3+ 38. Kxf3 b6 39. Rc6+ Kf5 40. a4
Ke5 41. Kg4 Kxd5 42. b5 a6 43. Rg6 axb5 44. axb5 c5 45. bxc6 b5 46. Rxg5+ Kxc6
47. h4 b4 48. Re5 b3 49. h5 b2 50. Re1 Rb7 51. Rb1 Kd6 52. h6 Ke6 53. h7 Rxh7
54. Rxb2 Rg7+ 55. Kf4 Rf7+ 56. Ke4 Rf1 57. Rb6+ Kf7 58. Ke5 Kg7 59. Rb4 Kg6 60.
Rf4 Re1+ 61. Re4 Rxe4+ 62. Kxe4 Kg5 63. Kf3 Kf5 64. g4+ Kg5 65. Kg3 Kg6 66. Kf4
Kf6 67. g5+ Kg6 68. Kg4 Kg7 69. Kf5 Kf7 70. g6+ Kg7 71. Kg5 Kg8 72. Kf6 Kf8 73.
Kf5 Kg7 74. Kg5 Kg8 75. Kf6 Kf8 76. g7+ Kg8 77. Kg6 1/2-1/2

[Event "TCh-RUS Women 2025"]
[Site "Sochi RUS"]
[Date "2025.04.26"]
[Round "1.4"]
[White "Isakova, Anna"]
[Black "Kuznetsova, Marina"]
[Result "1-0"]
[BlackTitle "WFM"]
[WhiteElo "1775"]
[BlackElo "2124"]
[WhiteTeam "Voronezh (Voronezhskaya oblast)"]
[BlackTeam "SShOR po shakhmatam i shashkam - 1 (Sankt-P"]
[WhiteFideId "34347445"]
[BlackFideId "44173270"]
[EventDate "2025.04.26"]

1. d4 Nf6 2. c4 e6 3. Nc3 Bb4 4. e3 b6 5. Ne2 Ne4 6. Qc2 Bb7 7. a3 Bxc3+ 8. Nxc3
Nxc3 9. Qxc3 d6 10. b4 Qe7 11. Bb2 a6 12. Bd3 Nd7 13. O-O e5 14. c5 bxc5 15.
bxc5 dxc5 16. dxe5 Rd8 17. Rad1 O-O 18. f4 Nb6 19. Qc2 h6 20. f5 Qg5 21. f6 Rxd3
22. Rxd3 Be4 23. fxg7 Re8 24. Qf2 Qg6 25. Rd2 Nd5 26. Rc1 Rb8 27. Rxc5 Rb3 28.
e6 Qxe6 29. Qh4 Rb8 30. Rc4 f5 31. Qg3 Re8 32. Bd4 c6 33. Ra4 Qc8 34. Rb2 Rd8
35. Qg6 Ne7 36. Qxh6 f4 37. Qxf4 Bh7 38. Rf2 Ng6 39. Qf7# 1-0

[Event "TCh-RUS Women 2025"]
[Site "Sochi RUS"]
[Date "2025.04.26"]
[Round "1.1"]
[White "Girya, Olga"]
[Black "Kovanova, Baira"]
[Result "1-0"]
[WhiteTitle "GM"]
[BlackTitle "WGM"]
[WhiteElo "2400"]
[BlackElo "2312"]
[WhiteTeam "Altayskiy kray (Altayskiy kray)"]
[BlackTeam "Moskovskaya oblast (Moskovskaya oblast)"]
[WhiteFideId "4195752"]
[BlackFideId "4164083"]
[EventDate "2025.04.26"]

1. d4 Nf6 2. c4 e6 3. Nc3 Bb4 4. Qc2 O-O 5. e3 b6 6. Bd3 Bb7 7. e4 c5 8. d5 b5
9. b3 d6 10. Ne2 Nbd7 11. O-O bxc4 12. bxc4 Ne5 13. Nd1 Nfd7 14. Bb2 Re8 15. Ne3
Nxd3 16. Qxd3 Ne5 17. Bxe5 dxe5 18. Rfd1 Rb8 19. Rab1 Ba6 20. Ng3 Qa5 21. a3 Bc3
22. dxe6 fxe6 23. Rxb8 Rxb8 24. Qd7 Kh8 25. Qxa7 Rf8 26. Nh5 Rg8 27. Qf7 Bd4 28.
Ng4 Qa4 29. Re1 Qe8 30. Nh6 Bxc4 31. Qxg8+ Qxg8 32. Nxg8 Kxg8 33. Rb1 Bd3 34.
Rb8+ Kf7 35. Rb7+ Kg6 36. g4 Kg5 37. Rxg7+ Kh4 38. Ng3 c4 39. Nf1 c3 40. Ne3
Bxe4 41. Rc7 1-0

[Event "TCh-RUS Women 2025"]
[Site "Sochi RUS"]
[Date "2025.04.26"]
[Round "1.2"]
[White "Smirnova, Ekaterina"]
[Black "Loskutova, Viktoriya"]
[Result "1/2-1/2"]
[WhiteTitle "WIM"]
[BlackTitle "WFM"]
[WhiteElo "2134"]
[BlackElo "2066"]
[WhiteTeam "Moskovskaya oblast (Moskovskaya oblast)"]
[BlackTeam "Altayskiy kray (Altayskiy kray)"]
[WhiteFideId "4110943"]
[BlackFideId "34166278"]
[EventDate "2025.04.26"]

1. d4 Nf6 2. c4 e6 3. Nc3 Bb4 4. e3 O-O 5. Bd3 d5 6. a3 Bxc3+ 7. bxc3 dxc4 8.
Bxc4 c5 9. Ne2 Qc7 10. Bd3 e5 11. dxe5 Qxe5 12. O-O b6 13. Qc2 Bb7 14. f3 Nc6
15. Ng3 Na5 16. Rb1 c4 17. Bf5 Nb3 18. e4 Nxc1 19. Qxc1 g6 20. Bh3 Rfd8 21. Kh1
Rd3 22. Qh6 Qxc3 23. Rb5 Ne8 24. Rg5 Ng7 25. e5 Rad8 26. Nh5 Nxh5 27. Rxh5 gxh5
28. Bf5 R3d7 29. Bxh7+ Kh8 30. Bf5+ Kg8 31. Bh7+ Kh8 32. Bf5+ Kg8 33. Bh7+ Kh8 1/2-1/2

[Event "TCh-RUS Women 2025"]
[Site "Sochi RUS"]
[Date "2025.04.26"]
[Round "1.3"]
[White "Borisova, Polina A."]
[Black "Druzhinina, Olga"]
[Result "1-0"]
[BlackTitle "WFM"]
[WhiteElo "1923"]
[BlackElo "2245"]
[WhiteTeam "Altayskiy kray (Altayskiy kray)"]
[BlackTeam "Moskovskaya oblast (Moskovskaya oblast)"]
[WhiteFideId "54180996"]
[BlackFideId "4141911"]
[EventDate "2025.04.26"]

1. e4 c5 2. Nf3 a6 3. c3 d5 4. exd5 Qxd5 5. d4 Nf6 6. Be2 e6 7. O-O cxd4 8. cxd4
Be7 9. Nc3 Qd8 10. Be3 Nc6 11. Rc1 O-O 12. Ne5 Nb4 13. Bg5 Nfd5 14. Bxe7 Nxe7
15. Bf3 Nbc6 16. Nxc6 bxc6 17. Na4 Qd6 18. Nc5 Rd8 19. Qa4 Rb8 20. b3 Rb6 21.
Rfd1 Nf5 22. Ne4 Qb4 23. Rc4 Qxa4 24. Rxa4 Kf8 25. Nc5 Ke7 26. Be2 g5 27. Kf1 h6
28. Ke1 a5 29. g4 Nh4 30. Rxa5 Ng2+ 31. Kf1 Nf4 32. Bf3 Nd5 33. Ra7+ Kf6 34.
Bxd5 Rxd5 35. Ra4 Rb8 36. f3 Kg6 37. Ne4 f5 38. Nc3 Rd6 39. h3 h5 40. Kf2 Bd7
41. Ra7 Rd8 42. gxf5+ exf5 43. Ra5 Be6 44. Ne2 h4 45. Rc1 Kf6 46. Rac5 Bd7 47.
a4 Rb8 48. Rb1 g4 49. fxg4 fxg4 50. hxg4 Bxg4 51. Rh1 h3 52. Rc3 Re8 53. Nf4
Rxd4 54. Nxh3 Re2+ 55. Kg3 Bd7 56. Rf1+ Ke5 57. Nf4 Rxf4 58. Rxf4 Rb2 59. Rff3
Be6 60. Rxc6 Bd5 61. Re3+ Kd4 62. Rcc3 Be4 63. Kf4 Rf2+ 64. Kg5 Rf5+ 65. Kg4 Rf8
66. Rg3 Rg8+ 67. Kf4 Rf8+ 68. Kg5 Ke5 69. Rc5+ Kd4 70. Rc4+ Kd5 71. Rgc3 Rf5+
72. Kg4 Rf8 73. a5 Rg8+ 74. Kf4 Rf8+ 75. Ke3 Rf3+ 76. Ke2 Rf6 77. Rc5+ Kd6 78.
b4 Rf7 79. b5 Bd5 80. a6 Re7+ 81. Kd2 Rh7 82. Rc6+ Ke5 83. Re3+ Kd4 84. Rd3+ Ke4
85. Rxd5 Kxd5 86. Kc3 Rh4 87. a7 Ra4 88. Ra6 1-0

[Event "TCh-RUS Women 2025"]
[Site "Sochi RUS"]
[Date "2025.04.26"]
[Round "1.4"]
[White "Usacheva, Glafira"]
[Black "Khegai, Darya"]
[Result "0-1"]
[WhiteTitle "WFM"]
[WhiteElo "2104"]
[BlackElo "1719"]
[WhiteTeam "Moskovskaya oblast (Moskovskaya oblast)"]
[BlackTeam "Altayskiy kray (Altayskiy kray)"]
[WhiteFideId "34119741"]
[BlackFideId "24246131"]
[EventDate "2025.04.26"]

1. e4 c6 2. d4 d5 3. e5 Bf5 4. h4 h5 5. Bd3 Bxd3 6. Qxd3 Qa5+ 7. Nd2 e6 8. Nf3
Nh6 9. O-O Nf5 10. Nb3 Qb5 11. Qd1 c5 12. dxc5 Bxc5 13. c3 Nc6 14. Bg5 a5 15. a4
Qb6 16. Nxc5 Qxc5 17. Ra3 b5 18. axb5 Qxb5 19. Rb3 Qa6 20. Qd2 O-O 21. Ra1 Qc4
22. Rba3 Rab8 23. Ra4 Qb3 24. R1a2 Rfc8 25. Qf4 Qc2 26. Qd2 Qb3 27. Kh2 Qb5 28.
Qf4 Qf1 29. Qd2 Qb5 30. Qe1 Qb6 31. Qe2 Qb5 32. Qe1 Qb6 33. g3 d4 34. cxd4 Nb4
35. R2a3 Nc2 36. Qxa5 Qxa5 37. Rxa5 Nxa3 38. bxa3 Ra8 39. Rb5 Rxa3 40. Kg2 Rxf3 0-1

[Event "TCh-RUS Women 2025"]
[Site "Sochi RUS"]
[Date "2025.04.26"]
[Round "1.1"]
[White "Golubova, Anna"]
[Black "Preobrazhenskaya, Diana"]
[Result "1-0"]
[WhiteTitle "WIM"]
[BlackTitle "WFM"]
[WhiteElo "2112"]
[BlackElo "2103"]
[WhiteTeam "Kimmeriya (Respublika Krym)"]
[BlackTeam "DYuSSh im. M.M. Botvinnika (g. Moskva)"]
[WhiteFideId "24173606"]
[BlackFideId "34270566"]
[EventDate "2025.04.26"]

1. d4 Nf6 2. Nf3 b6 3. c4 Bb7 4. g3 g6 5. Bg2 Bg7 6. O-O O-O 7. Nc3 Ne4 8. Qb3
Nxc3 9. Qxc3 c5 10. Be3 Be4 11. Qd2 d6 12. Bh6 Nd7 13. Bxg7 Kxg7 14. Rfd1 Nf6
15. Rac1 a5 16. Qe3 Qc8 17. h3 a4 18. g4 h6 19. d5 b5 20. cxb5 Qb7 21. Ne1 Bxg2
22. Nxg2 Rfe8 23. Qc3 Kg8 24. b4 Rec8 25. bxc5 Rxc5 26. Qe3 Rxc1 27. Rxc1 Nxd5
28. Qe4 Qxb5 29. Ne3 e6 30. Nxd5 exd5 31. Qf3 Re8 32. Rc7 Rf8 33. a3 d4 34. Re7
Qg5 35. Rd7 Qe5 36. Ra7 Qb5 37. Rb7 Qa6 38. Rd7 Qc4 39. Rxd6 Re8 40. Qd5 Qxe2
41. Rxg6+ Kf8 42. Rxh6 Qe5 43. Rd6 Qxd5 44. Rxd5 Re1+ 45. Kg2 Ra1 46. Rxd4 Rxa3
47. h4 Ra1 48. h5 a3 49. Ra4 f6 50. Ra7 Kg8 51. Kf3 Ra2 52. Kg3 Kf8 53. f3 Ra1
54. Kf4 a2 55. Kf5 Rf1 56. Rxa2 Rxf3+ 57. Kg6 Rf4 58. g5 fxg5 59. h6 Rb4 60.
Ra8+ Ke7 61. h7 Rb6+ 62. Kg7 1-0

[Event "TCh-RUS Women 2025"]
[Site "Sochi RUS"]
[Date "2025.04.26"]
[Round "1.2"]
[White "Maslova, Anastasiya Yar"]
[Black "Tomilova, Elena"]
[Result "1/2-1/2"]
[BlackTitle "WGM"]
[WhiteElo "1939"]
[BlackElo "2203"]
[WhiteTeam "DYuSSh im. M.M. Botvinnika (g. Moskva)"]
[BlackTeam "Kimmeriya (Respublika Krym)"]
[WhiteFideId "55685587"]
[BlackFideId "4162340"]
[EventDate "2025.04.26"]

1. e4 c5 2. Nf3 a6 3. c4 Nc6 4. Nc3 e5 5. Be2 d6 6. a3 Nge7 7. Rb1 a5 8. d3 g6
9. Bg5 Bg7 10. Nd5 h6 11. Bxe7 Nxe7 12. Nxe7 Qxe7 13. Nd2 O-O 14. O-O f5 15. Bf3
Bf6 16. Kh1 Be6 17. exf5 gxf5 18. g4 Bg5 19. gxf5 Bxf5 20. Bd5+ Kh8 21. Ne4
Bxe4+ 22. Bxe4 Rf4 23. f3 Rh4 24. Rf2 Bf4 25. Bd5 Qd7 26. Qe2 Rf8 27. Rg1 Bg5
28. Rfg2 Qe7 29. Rg4 Rxg4 30. Rxg4 Rf4 31. Rxf4 Bxf4 32. Qg2 Qg7 33. Qh3 Qf8 34.
Qe6 b6 35. b3 Be3 36. a4 Kg7 37. Kg2 Bg5 38. Qg4 Kh8 39. h4 Be3 40. Kh3 Bd2 41.
Qg6 Bf4 42. Kg4 Qg7 43. Kf5 Qxg6+ 44. Kxg6 h5 45. Bf7 Bg3 46. Kf5 Bxh4 47. Ke6
Bg3 48. Bxh5 Kg7 49. Be8 Bf4 50. Bc6 Kg6 51. Be4+ Kg5 52. Kxd6 Kf6 53. Kc6 Bd2
54. Kxb6 Bb4 55. Kc6 Ba3 56. Kd5 Bb4 57. Kc6 Ke6 58. Bd5+ Kf6 59. Be4 Ke6 60.
Bd5+ Kf6 61. Be4 1/2-1/2